La Liga Assist Leaders By Year - Statistics

General Stats
  • This quiz has been taken 90 times
  • The average score is 13 of 19
Answer Stats
Season Player Nationality Assist % Correct
10-11 Lionel Messi Argentina 18
99%
14-15 Lionel Messi Argentina 18
99%
15-16 Lionel Messi Argentina 16
99%
17-18 Lionel Messi Argentina 12
99%
Lionel Messi Argentina 13
99%
19-20 Lionel Messi Argentina 21
99%
12-13 Andres Iniesta Spain 16
96%
16-17 Luis Suarez Uruguay 13
96%
Luis Suarez Uruguay 12
96%
11-12 Mesut Ozil Germany 17
75%
Mesut Ozil Germany 16
75%
22-23 Antoine Griezmann France 16
71%
09-10 Xavi Hernandez Spain 14
70%
13-14 Angel Di Maria Argentina 17
64%
21-22 Ousmane Dembele France 13
42%
20-21 Iago Aspas Spain 13
23%
23-24 Alejandro Baena Spain 14
18%
18-19 Pablo Sarabia Spain 13
12%
Pablo Fornals Spain 12
10%
No matching quizzes found
Score Distribution
Percent of People with Each Score
Percentile by Number Answered
Your Score History
You have not taken this quiz